| 000 -LEADER |
| fixed length control field |
00731nam a22001577a 4500 |
| 003 - CONTROL NUMBER IDENTIFIER |
| control field |
OSt |
| 005 - DATE AND TIME OF LATEST TRANSACTION |
| control field |
20150921100741.0 |
| 008 - FIXED-LENGTH DATA ELEMENTS--GENERAL INFORMATION |
| fixed length control field |
150921b xxu||||| |||| 00| 0 eng d |
| 040 ## - CATALOGING SOURCE |
| Transcribing agency |
RUA |
| 082 ## - DEWEY DECIMAL CLASSIFICATION NUMBER |
| Classification number |
AGR ROU 2006 BO33 Or.1 |
| 100 ## - MAIN ENTRY--PERSONAL NAME |
| 9 (RLIN) |
986 |
| Personal name |
ROEURN, SERANET |
| 245 ## - TITLE STATEMENT |
| Title |
EFFECT OF NITROGEN FERTILIZER ON CHINESE CABBAGE AT CROP STATION OF ROYAL UNIVERSITY OF AGRICULTURE,(ឥទ្ធិពលជីអាសូតលើដំណាំស្ពៃក្រញាញ់ នៅក្នុងស្ថានីយ៍ពិសោធន៍ដំណាំ នៃសាកលវិទ្យាល័យភូមិន្ធកសិកម្ម). |
| 260 ## - PUBLICATION, DISTRIBUTION, ETC. (IMPRINT) |
| Place of publication, distribution, etc. |
PHNOM PHEN |
| Name of publisher, distributor, etc. |
RUA |
| Date of publication, distribution, etc. |
2006 |
| 300 ## - PHYSICAL DESCRIPTION |
| Extent |
XV,41P. |
| Other physical details |
ILL. |
| Dimensions |
29CM. |
| 942 ## - ADDED ENTRY ELEMENTS (KOHA) |
| Source of classification or shelving scheme |
|
| Koha item type |
AGR |